[Event "Redbull chessmasters 2019"]
[Site "Istambul"]
[Date "2019.11.24"]
[Round "1.16"]
[White "Yanik, Sural Emine"]
[Black "Gur, Tuba"]
[Result "1-0"]
[WhiteElo "1834"]
[BlackElo "1782"]
[Annotator "NA"]
[PlyCount "117"]
[EventDate "2019.11.23"]
[EventType "k.o."]
[EventCountry "TUR"]
[SourceTitle "playchess.com"]
[Source "ChessBase"]
[SourceQuality "1"]
[TimeControl "600+5"]

1. d4 {[%emt 0:01:36]} d5 {[%emt 0:03:48]} 2. Nf3 {[%emt 0:00:05]} Nf6 {[%emt 0:00:05]} 3. Bg5 {[%emt 0:00:05]} e6 {[%emt 0:00:05]} 4. e3 {[%emt 0:00:05]} Be7 {[%emt 0:00:05]} 5. Bd3 {[%emt 0:00:05]} c5 {[%emt 0:00:05]} 6. c3 {[%emt 0:00:05] D03: 1 d4 d5 2 Nf3 Nf6 3 Bg5, including Torre Attack with early ...d5} (6. O-O Nbd7 7. c3 b6 8. Nbd2 Bb7 9. a3 Ne4 10. Bxe7 Qxe7 11. Bb5 O-O 12. Bxd7 Qxd7 13. Ne5 Qc7 14. f4 f6 15. Nef3 cxd4 16. Nxe4 dxe4 17. Nxd4 {½-½ (61) Velten,P (2437)-Apicella,M (2520) Nimes 2014}) 6... Qb6 {[%emt 0:00:05]} 7. Qc2 {[%emt 0:00:05]} Nc6 {[%emt 0:00:05]} 8. O-O {[%emt 0:00:05]} h6 {[%emt 0:00:05]} 9. Bh4 {[%emt 0:00:05]} c4 $146 {[%emt 0:00:05]} ({Predecessor:} 9... Bd7 10. dxc5 Qxc5 11. b4 Qb6 12. a4 Rc8 13. a5 Qd8 14. Qa2 {0-1 (44) Schneider,A (2061)-Orlova,L (2004) Bad Neuenahr 2014}) 10. Be2 {[%emt 0:00:05]} Qc7 {[%emt 0:00:05]} ({Better is} 10... g5 $11 11. Bg3 Ne4) 11. Nbd2 {[%emt 0:00:05]} b5 {[%emt 0:00:05]} 12. e4 {[%emt 0:00:43]} dxe4 {[%emt 0:00:51]} 13. Nxe4 {[%emt 0:00:05]} Nxe4 {[%emt 0:00:05]} 14. Qxe4 {[%emt 0:00:05]} Bb7 {[%emt 0:00:42]} 15. b3 {[%emt 0:02:44]} Na5 {[%emt 0:00:15]} 16. Qg4 {[%emt 0:00:26]} O-O {[%emt 0:01:04]} 17. Bxe7 {[%emt 0:01:12]} Qxe7 {[%emt 0:00:05]} 18. b4 {[%emt 0:00:28]} Nc6 {[%emt 0:00:15]} 19. a4 {[%emt 0:00:21]} a6 {[%emt 0:00:02]} 20. Rfe1 {[%emt 0:00:08]} Qc7 {[%emt 0:00:58]} 21. Bd1 {[%emt 0:00:11]} Ne7 {[%emt 0:00:26]} 22. Bc2 {[%emt 0:00:42]} Bc6 {[%emt 0:00:30]} 23. Ne5 {[%emt 0:00:09]} f5 {[%emt 0:00:40]} 24. Qh5 {[%emt 0:01:08]} Bd5 {[%emt 0:00:21]} 25. a5 {[%emt 0:00:13]} Qb7 {[%emt 0:00:22]} 26. Qh3 {[%emt 0:00:16]} Nc6 {[%emt 0:00:12]} 27. f4 $14 {[%emt 0:00:36]} Nxe5 {[%emt 0:00:17]} 28. Rxe5 {[%emt 0:00:09]} Qf7 {[%emt 0:00:10]} 29. Bd1 {[%emt 0:00:02]} g5 {[%emt 0:00:09]} 30. Qxh6 {[%emt 0:00:06]} gxf4 {[%emt 0:00:06]} 31. Qxf4 {[%emt 0:00:10]} Qg6 {[%emt 0:00:02]} 32. Qg3 {[%emt 0:00:03]} Qxg3 {[%emt 0:00:02]} 33. hxg3 {[%emt 0:00:03]} Rf6 {[%emt 0:00:11]} 34. Bf3 {[%emt 0:00:00]} Rd8 {[%emt 0:00:08]} 35. Rae1 {[%emt 0:00:00]} Kf7 {[%emt 0:00:05]} 36. Bxd5 {[%emt 0:00:07]} Rxd5 {[%emt 0:00:04]} 37. Rxd5 {[%emt 0:00:06]} exd5 {[%emt 0:00:05]} 38. Re5 {[%emt 0:00:00]} f4 {[%emt 0:00:13]} 39. gxf4 {[%emt 0:00:02]} Rxf4 {[%emt 0:00:01]} 40. Rxd5 {[%emt 0:00:01]} Ke6 {[%emt 0:00:04]} 41. Rh5 {[%emt 0:00:10]} Rf6 {[%emt 0:00:03]} 42. Re5+ {[%emt 0:00:02]} Kd6 {[%emt 0:00:01]} 43. g4 {[%emt 0:00:04]} Rf3 {[%emt 0:00:02]} 44. Kg2 {[%emt 0:00:16]} Rxc3 {[%emt 0:00:02]} 45. Rh5 {[%emt 0:00:01]} Re3 {[%emt 0:00:03]} 46. Rh6+ {[%emt 0:00:06]} Re6 {[%emt 0:00:01]} 47. Rh8 {[%emt 0:00:20]} Kd5 {[%emt 0:00:04]} 48. Rd8+ {[%emt 0:00:00]} Ke4 {[%emt 0:00:01]} 49. d5 {[%emt 0:00:00]} Rg6 {[%emt 0:00:08]} 50. Kg3 {[%emt 0:00:00]} c3 {[%emt 0:00:01]} 51. d6 {[%emt 0:00:00]} c2 {[%emt 0:00:02]} 52. Rc8 {[%emt 0:00:02]} Kd3 {[%emt 0:00:13]} 53. d7 {[%emt 0:00:09]} Rd6 {[%emt 0:00:01]} 54. d8=Q {[%emt 0:00:00]} Rxd8 {[%emt 0:00:01]} 55. Rxd8+ {[%emt 0:00:05]} Kc3 {[%emt 0:00:00]} 56. g5 {[%emt 0:00:00]} Kb2 {[%emt 0:00:00]} 57. g6 {[%emt 0:00:00]} Kc1 {[%emt 0:00:00]} 58. g7 {[%emt 0:00:00]} Kb2 {[%emt 0:00:00]} 59. g8=Q {[%emt 0:00:00]} 1-0

[Event "Redbull chessmasters 2019"]
[Site "Istambul"]
[Date "2019.11.24"]
[Round "2.1"]
[White "Kilic, Ihsan"]
[Black "Aliakbarov, Anar"]
[Result "0-1"]
[WhiteElo "1941"]
[BlackElo "2219"]
[Annotator "ChessBase"]
[PlyCount "97"]
[EventDate "2019.11.23"]
[EventType "k.o."]
[EventCountry "TUR"]
[SourceTitle "playchess.com"]
[Source "ChessBase"]
[SourceQuality "1"]
[TimeControl "600+5"]

1. d4 {[%emt 0:00:00]} d5 {[%emt 0:00:00]} 2. Nf3 {[%emt 0:00:04]} Nf6 {[%emt 0:00:00]} 3. g3 {[%emt 0:00:05]} e6 {[%emt 0:00:02]} 4. Bg2 {[%emt 0:00:05]} Be7 {[%emt 0:00:05]} 5. O-O {[%emt 0:00:05]} O-O {[%emt 0:00:05]} 6. b3 {[%emt 0:00:00]} c5 {[%emt 0:00:11]} 7. e3 {[%emt 0:00:00]} Nc6 {[%emt 0:00:05]} 8. Bb2 {[%emt 0:00:00]} cxd4 {[%emt 0:00:17]} 9. exd4 {[%emt 0:00:04]} b6 {[%emt 0:00:05]} 10. Nbd2 {[%emt 0:00:05]} Bb7 {[%emt 0:00:05]} 11. a3 {[%emt 0:00:05]} Rc8 {[%emt 0:00:05]} 12. Rc1 {[%emt 0:00:00]} b5 {[%emt 0:00:29]} 13. Re1 {[%emt 0:00:11]} Bd6 {[%emt 0:00:29]} 14. Ne5 {[%emt 0:00:19]} Qe7 {[%emt 0:00:08]} 15. b4 {[%emt 0:00:57]} a5 {[%emt 0:01:18]} 16. c3 {[%emt 0:00:43]} Bxe5 {[%emt 0:00:05]} 17. dxe5 {[%emt 0:00:05]} Nd7 {[%emt 0:00:00]} 18. f4 {[%emt 0:00:29]} Nb6 {[%emt 0:00:07]} 19. Nb3 {[%emt 0:02:32]} Na4 {[%emt 0:00:15]} 20. Ba1 {[%emt 0:00:38]} Rfd8 {[%emt 0:00:25]} 21. Qe2 {[%emt 0:00:08]} axb4 {[%emt 0:00:11]} 22. cxb4 {[%emt 0:00:22]} Ba6 {[%emt 0:00:59]} 23. Nd4 {[%emt 0:01:03]} Nxd4 {[%emt 0:00:13]} 24. Bxd4 {[%emt 0:00:05]} Rc4 {[%emt 0:00:05]} 25. Qe3 {[%emt 0:00:05]} Rdc8 {[%emt 0:00:05]} 26. Bf1 {[%emt 0:00:05]} R4c6 {[%emt 0:00:09]} 27. Rxc6 {[%emt 0:00:13]} Rxc6 {[%emt 0:00:05]} 28. Rc1 {[%emt 0:00:05]} Qc7 {[%emt 0:00:05]} 29. Rxc6 {[%emt 0:00:05]} Qxc6 {[%emt 0:00:05]} 30. Bd3 {[%emt 0:00:35]} g6 {[%emt 0:00:35]} 31. Bb1 {[%emt 0:00:18]} Bc8 {[%emt 0:00:27]} 32. h4 {[%emt 0:00:07]} Bd7 {[%emt 0:00:27]} 33. h5 {[%emt 0:00:07]} Qc4 {[%emt 0:00:07]} 34. Kf2 {[%emt 0:00:19]} Qc6 {[%emt 0:00:05]} 35. g4 {[%emt 0:00:24]} Kf8 {[%emt 0:01:10]} 36. hxg6 {[%emt 0:00:11]} hxg6 {[%emt 0:00:16]} 37. f5 {[%emt 0:00:24]} exf5 {[%emt 0:00:06]} 38. Qh6+ {[%emt 0:00:28]} Ke7 {[%emt 0:00:02]} 39. gxf5 {[%emt 0:00:40]} gxf5 {[%emt 0:00:05]} 40. Qg5+ {[%emt 0:00:05]} Ke8 {[%emt 0:00:04]} 41. Qg8+ {[%emt 0:00:29]} Ke7 {[%emt 0:00:00]} 42. Qg5+ {[%emt 0:00:05]} Ke8 {[%emt 0:00:09]} 43. Qg8+ {[%emt 0:00:29]} Ke7 {[%emt 0:00:05]} 44. Qg5+ {[%emt 0:00:03]} Ke8 {[%emt 0:00:04]} 45. e6 {[%emt 0:00:14]} Bxe6 {[%emt 0:00:34]} 46. Bf6 {[%emt 0:00:05]} Kd7 {[%emt 0:00:13]} 47. Qg8 {[%emt 0:00:08]} Qc8 {[%emt 0:00:25]} 48. Qg3 {[%emt 0:00:03]} Qc1 {[%emt 0:00:37]} 49. Qg8 {[%emt 0:00:13]} 0-1

[Event "Redbull chessmasters 2019"]
[Site "Istambul"]
[Date "2019.11.24"]
[Round "2.2"]
[White "Eren, Ataberk"]
[Black "Cil, Batuhan"]
[Result "1-0"]
[WhiteElo "2284"]
[BlackElo "1737"]
[Annotator "ChessBase"]
[PlyCount "80"]
[EventDate "2019.11.23"]
[EventType "k.o."]
[EventCountry "TUR"]
[SourceTitle "playchess.com"]
[Source "ChessBase"]
[SourceQuality "1"]
[TimeControl "600+5"]

1. d4 {[%emt 0:00:00]} d5 {[%emt 0:00:02]} 2. Nf3 {[%emt 0:00:02]} Nf6 {[%emt 0:00:05]} 3. Bf4 {[%emt 0:00:00]} e6 {[%emt 0:00:00]} 4. e3 {[%emt 0:00:03]} c5 {[%emt 0:00:04]} 5. c3 {[%emt 0:00:05]} Nc6 {[%emt 0:00:05]} 6. Nbd2 {[%emt 0:00:05]} Bd6 {[%emt 0:00:05]} 7. Bg3 {[%emt 0:00:05]} O-O {[%emt 0:00:05]} 8. Bb5 {[%emt 0:00:00]} Qe7 {[%emt 0:01:49]} 9. O-O {[%emt 0:00:00]} Bxg3 {[%emt 0:00:15]} 10. hxg3 {[%emt 0:00:00]} Bd7 {[%emt 0:00:05]} 11. Bxc6 {[%emt 0:00:01]} Bxc6 {[%emt 0:00:06]} 12. Ne5 {[%emt 0:00:00]} Nd7 {[%emt 0:00:47]} 13. Nxd7 {[%emt 0:00:00]} Bxd7 {[%emt 0:00:19]} 14. Qb3 {[%emt 0:00:01]} Bc6 {[%emt 0:00:32]} 15. Qa3 {[%emt 0:00:06]} b6 {[%emt 0:00:05]} 16. b4 {[%emt 0:00:10]} Bb5 {[%emt 0:01:48]} 17. Rfb1 {[%emt 0:00:07]} cxb4 {[%emt 0:00:26]} 18. Qxb4 {[%emt 0:00:00]} Qxb4 {[%emt 0:00:05]} 19. Rxb4 {[%emt 0:00:10]} Rfc8 {[%emt 0:00:15]} 20. Rxb5 {[%emt 0:00:05]} Rxc3 {[%emt 0:00:09]} 21. a4 {[%emt 0:00:07]} Rac8 {[%emt 0:00:43]} 22. a5 {[%emt 0:00:01]} Rc2 {[%emt 0:01:23]} 23. Nf1 {[%emt 0:00:05]} Re2 {[%emt 0:00:29]} 24. axb6 {[%emt 0:00:29]} axb6 {[%emt 0:00:05]} 25. Rxb6 {[%emt 0:00:05]} g5 {[%emt 0:00:05]} 26. Nh2 {[%emt 0:00:05]} h5 {[%emt 0:00:05]} 27. Nf3 {[%emt 0:00:05]} Rcc2 {[%emt 0:00:05]} 28. Rf1 {[%emt 0:00:05]} g4 {[%emt 0:00:05]} 29. Ne5 {[%emt 0:00:05]} Rc7 {[%emt 0:00:05]} 30. Nd3 {[%emt 0:00:00]} Rcc2 {[%emt 0:01:53]} 31. Nf4 {[%emt 0:00:00]} Red2 {[%emt 0:00:05]} 32. Nxh5 {[%emt 0:00:00]} Kf8 {[%emt 0:00:05]} 33. Rb8+ {[%emt 0:00:00]} Ke7 {[%emt 0:00:05]} 34. Rb7+ {[%emt 0:00:00]} Kf8 {[%emt 0:00:20]} 35. Nf6 {[%emt 0:00:00]} Kg7 {[%emt 0:00:07]} 36. Nxg4 {[%emt 0:00:00]} Rc8 {[%emt 0:00:05]} 37. Ne5 {[%emt 0:00:02]} Rf8 {[%emt 0:00:05]} 38. g4 {[%emt 0:00:05]} Rc2 {[%emt 0:00:05]} 39. g5 {[%emt 0:00:05]} Rcc8 {[%emt 0:00:05]} 40. g6 {[%emt 0:00:05]} Kf6 {[%emt 0:00:13]} 1-0

[Event "Redbull chessmasters 2019"]
[Site "Istambul"]
[Date "2019.11.24"]
[Round "2.3"]
[White "Tofan, Ismail"]
[Black "Kesgin, Halit Kaan"]
[Result "0-1"]
[WhiteElo "1685"]
[BlackElo "2061"]
[Annotator "NA"]
[PlyCount "38"]
[EventDate "2019.11.23"]
[EventType "k.o."]
[EventCountry "TUR"]
[SourceTitle "playchess.com"]
[Source "ChessBase"]
[SourceQuality "1"]
[TimeControl "600+5"]

1. Nf3 {[%emt 0:00:00]} d5 {[%emt 0:00:00]} 2. b3 {[%emt 0:00:00]} Nf6 {[%emt 0:00:07]} 3. Bb2 {[%emt 0:00:03]} e6 {[%emt 0:00:05]} 4. e3 {[%emt 0:00:05]} c5 {[%emt 0:00:05]} 5. c4 {[%emt 0:00:05]} Nc6 {[%emt 0:00:05]} 6. Be2 {[%emt 0:00:05]} Be7 {[%emt 0:00:00]} 7. O-O {[%emt 0:00:00]} O-O {[%emt 0:00:07]} 8. Nc3 {[%emt 0:00:05]} d4 {[%emt 0:00:25]} 9. exd4 {[%emt 0:01:44]} cxd4 {[%emt 0:00:02]} 10. Nb5 {[%emt 0:00:44]} d3 {[%emt 0:00:18]} 11. Bxd3 {[%emt 0:00:05]} Qxd3 {[%emt 0:00:05]} 12. Ne5 {[%emt 0:00:13]} Nxe5 {[%emt 0:00:00]} 13. Bxe5 {[%emt 0:00:00]} Bd7 {[%emt 0:00:19]} 14. Nc3 {[%emt 0:00:30]} Bc6 {[%emt 0:00:09]} 15. Re1 {[%emt 0:00:05]} Rad8 {[%emt 0:00:12]} 16. Bf4 {[%emt 0:01:34]} Bc5 {[%emt 0:00:50]} 17. a3 {[%emt 0:00:32]} a5 {[%emt 0:00:56]} 18. h4 {[%emt 0:00:28]} Qg6 {[%emt 0:00:23]} 19. Bg3 {[%emt 0:01:21]} Qxg3 {[%emt 0:00:07]} 0-1

[Event "Redbull chessmasters 2019"]
[Site "Istambul"]
[Date "2019.11.24"]
[Round "2.4"]
[White "Yildiz Kadioglu, Betul Cemre"]
[Black "Ozdemir, Cemre"]
[Result "1-0"]
[WhiteElo "2338"]
[BlackElo "1326"]
[Annotator "ChessBase"]
[PlyCount "42"]
[EventDate "2019.11.23"]
[EventType "k.o."]
[EventCountry "TUR"]
[SourceTitle "playchess.com"]
[Source "ChessBase"]
[SourceQuality "1"]
[TimeControl "600+5"]

1. d4 {[%emt 0:00:00]} d5 {[%emt 0:00:01]} 2. Nf3 {[%emt 0:00:03]} Nf6 {[%emt 0:00:05]} 3. c4 {[%emt 0:00:00]} c6 {[%emt 0:00:00]} 4. e3 {[%emt 0:00:04]} e6 {[%emt 0:00:02]} 5. Nbd2 {[%emt 0:00:05]} Nbd7 {[%emt 0:00:05]} 6. Bd3 {[%emt 0:00:00]} Bb4 {[%emt 0:00:13]} 7. O-O {[%emt 0:00:12]} O-O {[%emt 0:00:03]} 8. a3 {[%emt 0:00:27]} Be7 {[%emt 0:00:16]} 9. e4 {[%emt 0:00:05]} dxc4 {[%emt 0:00:22]} 10. Nxc4 {[%emt 0:00:53]} b5 {[%emt 0:00:15]} 11. Ne3 {[%emt 0:00:44]} Bb7 {[%emt 0:00:11]} 12. b4 {[%emt 0:00:14]} a5 {[%emt 0:00:26]} 13. Bd2 {[%emt 0:00:02]} axb4 {[%emt 0:00:58]} 14. axb4 {[%emt 0:00:01]} Nb6 {[%emt 0:01:29]} 15. Qc2 {[%emt 0:00:25]} Ra4 {[%emt 0:01:20]} 16. Qb2 {[%emt 0:01:34]} Qd7 {[%emt 0:04:22]} 17. Bc2 {[%emt 0:01:08]} Raa8 {[%emt 0:00:20]} 18. Qc3 {[%emt 0:00:52]} Na4 {[%emt 0:00:24]} 19. Qd3 {[%emt 0:00:48]} Rfd8 {[%emt 0:00:19]} 20. e5 {[%emt 0:00:07]} g6 {[%emt 0:00:23]} 21. exf6 {[%emt 0:00:07]} Bxf6 {[%emt 0:00:04]} 1-0

[Event "Redbull chessmasters 2019"]
[Site "Istambul"]
[Date "2019.11.24"]
[Round "2.5"]
[White "Ozenir, Ekin Baris"]
[Black "Kilic, Efe Mert"]
[Result "1-0"]
[WhiteElo "2274"]
[BlackElo "2247"]
[Annotator "ChessBase"]
[PlyCount "72"]
[EventDate "2019.11.23"]
[EventType "k.o."]
[EventCountry "TUR"]
[SourceTitle "playchess.com"]
[Source "ChessBase"]
[SourceQuality "1"]
[TimeControl "600+5"]

1. d4 {[%emt 0:00:00]} d5 {[%emt 0:00:00]} 2. c4 {[%emt 0:00:00]} e6 {[%emt 0:00:01]} 3. Nc3 {[%emt 0:00:03]} Nf6 {[%emt 0:00:08]} 4. cxd5 {[%emt 0:00:03]} exd5 {[%emt 0:00:05]} 5. Bg5 {[%emt 0:00:00]} Be7 {[%emt 0:00:31]} 6. e3 {[%emt 0:00:00]} Nbd7 {[%emt 0:00:17]} 7. Bd3 {[%emt 0:00:04]} Nf8 {[%emt 0:00:20]} 8. Qc2 {[%emt 0:00:09]} Ne6 {[%emt 0:00:19]} 9. Bh4 {[%emt 0:00:12]} h6 {[%emt 0:01:02]} 10. Nge2 {[%emt 0:00:12]} b6 {[%emt 0:00:14]} 11. O-O {[%emt 0:01:30]} O-O {[%emt 0:00:20]} 12. f4 {[%emt 0:00:14]} c5 {[%emt 0:00:04]} 13. f5 {[%emt 0:00:33]} Ng5 {[%emt 0:00:42]} 14. Nf4 {[%emt 0:00:33]} a6 {[%emt 0:01:57]} 15. Be2 {[%emt 0:00:28]} Bb7 {[%emt 0:01:16]} 16. Rad1 {[%emt 0:00:21]} c4 {[%emt 0:00:19]} 17. Bxg5 {[%emt 0:00:36]} hxg5 {[%emt 0:00:05]} 18. Nh3 {[%emt 0:00:06]} Ne8 {[%emt 0:00:30]} 19. Bf3 {[%emt 0:00:05]} b5 {[%emt 0:00:05]} 20. a3 {[%emt 0:00:06]} Qd7 {[%emt 0:00:56]} 21. Kh1 {[%emt 0:01:37]} a5 {[%emt 0:00:07]} 22. e4 {[%emt 0:00:00]} dxe4 {[%emt 0:00:19]} 23. Nxe4 {[%emt 0:00:04]} f6 {[%emt 0:00:36]} 24. Nc5 {[%emt 0:00:24]} Bxc5 {[%emt 0:00:05]} 25. dxc5 {[%emt 0:00:05]} Qc7 {[%emt 0:00:05]} 26. Bxb7 {[%emt 0:00:05]} Qxb7 {[%emt 0:00:05]} 27. Nf2 {[%emt 0:00:05]} Nc7 {[%emt 0:00:18]} 28. Ne4 {[%emt 0:00:28]} Nd5 {[%emt 0:00:20]} 29. Nd6 {[%emt 0:00:20]} Qc6 {[%emt 0:00:02]} 30. Qe4 {[%emt 0:00:03]} c3 {[%emt 0:00:55]} 31. Rxd5 {[%emt 0:00:14]} cxb2 {[%emt 0:00:05]} 32. Qe6+ {[%emt 0:00:05]} Kh7 {[%emt 0:00:13]} 33. Rd3 {[%emt 0:00:05]} g4 {[%emt 0:00:05]} 34. Qb3 {[%emt 0:00:28]} Qxc5 {[%emt 0:00:00]} 35. Qxb2 {[%emt 0:00:05]} Rfd8 {[%emt 0:00:10]} 36. Rfd1 {[%emt 0:00:25]} b4 {[%emt 0:00:24]} 1-0

[Event "Redbull chessmasters 2019"]
[Site "Istambul"]
[Date "2019.11.24"]
[Round "2.6"]
[White "Tarlabasi, Emirhan"]
[Black "Alak, Agdar"]
[Result "1-0"]
[WhiteElo "2316"]
[BlackElo "1482"]
[Annotator "TA"]
[PlyCount "63"]
[EventDate "2019.11.23"]
[EventType "k.o."]
[EventCountry "TUR"]
[SourceTitle "playchess.com"]
[Source "ChessBase"]
[SourceQuality "1"]

{[%evp 9,63,61,61,21,24,29,19,16,53,-12,33,57,77,34,57,60,67,42,202,205,189,197,330,316,315,306,536,464,525,511,500,459,639,628,823,818,806,791,890,896,892,894,883,886,884,847,1660,1833,1718,1639,1755,1951,2329,1608,5127,2287]} 1. d4 d5 2. c4 e5 3. dxe5 d4 4. Nf3 Nc6 5. a3 Nge7 6. g3 {D08: Albin Counter Gambit} (6. Bg5 Bg4 7. Nbd2 h6 8. Bh4 g5 9. Bg3 Nf5 10. Qc2 Qe7 11. Qe4 h5 12. h3 Nxg3 13. fxg3 {½-½ (55) Mamedyarov,S (2809)-Nepomniachtchi,I (2751) Moscow 2018}) 6... Ng6 7. Bg2 Ngxe5 $146 ({Predecessor:} 7... Be7 8. b4 Ngxe5 9. Nbd2 Bf6 10. Bb2 d3 11. Nxe5 Nxe5 12. Ne4 O-O {1-0 (50) Piriz Fernandez,D (1793)-Suarez Garcia,C (2122) Granada 2009}) 8. Nbd2 {The position is equal.} Be7 9. O-O ({White should play} 9. b4 $14) 9... O-O 10. b4 d3 11. Bb2 Bf6 {[#] White must now prevent ...Nxf3+.} 12. Nxe5 Nxe5 13. Ne4 $36 {[%mdl 2048] White is pushing.} (13. exd3 {is more complex.} a5 14. Be4 Ng4 15. Qc2 Bxb2 16. Qxb2 Nf6 17. Qc3) 13... dxe2 $2 (13... Bg4 $1 $14 14. Nxf6+ gxf6) 14. Nxf6+ $18 gxf6 15. Qxe2 Qd3 (15... a5 $142 16. Bxe5 fxe5 17. Qxe5 Qd6 18. Qxd6 cxd6) 16. Qxd3 Nxd3 17. Bxf6 c6 $2 {[#]} (17... Bf5 {was necessary.} 18. Rad1 h5 19. Bxb7 Rae8) 18. Be4 {White is clearly winning.} Ne5 19. Bxe5 Re8 20. Rfe1 Be6 21. c5 Bd5 22. Bxd5 cxd5 23. Bf6 Re6 24. Rxe6 fxe6 {[%mdl 4096] Endgame KRB-KR} 25. f4 Kf7 26. Be5 h5 27. Kf2 a5 28. b5 {[%cal Bb4b5,Bb5b6][%mdl 32]} Kg6 29. Ke3 Kf5 30. c6 bxc6 31. b6 d4+ 32. Kd2 {Accuracy: White = 49%, Black = 29%.} 1-0

[Event "Redbull chessmasters 2019"]
[Site "Istambul"]
[Date "2019.11.24"]
[Round "2.7"]
[White "Sabahi, Cem"]
[Black "Gunduz, Umut Erdem"]
[Result "0-1"]
[WhiteElo "1604"]
[BlackElo "2172"]
[Annotator "ChessBase"]
[PlyCount "54"]
[EventDate "2019.11.23"]
[EventType "k.o."]
[EventCountry "TUR"]
[SourceTitle "playchess.com"]
[Source "ChessBase"]
[SourceQuality "1"]
[TimeControl "600+5"]

1. e4 {[%emt 0:00:00]} c6 {[%emt 0:00:03]} 2. d4 {[%emt 0:00:01]} g6 {[%emt 0:00:00]} 3. Nf3 {[%emt 0:00:09]} Na6 {[%emt 0:00:03]} 4. Bd3 {[%emt 0:00:31]} Bg7 {[%emt 0:00:05]} 5. c3 {[%emt 0:00:05]} Nc7 {[%emt 0:00:10]} 6. O-O {[%emt 0:00:00]} d5 {[%emt 0:00:05]} 7. exd5 {[%emt 0:00:06]} cxd5 {[%emt 0:00:20]} 8. Bf4 {[%emt 0:00:05]} Nf6 {[%emt 0:00:05]} 9. Nbd2 {[%emt 0:00:05]} O-O {[%emt 0:00:00]} 10. Re1 {[%emt 0:00:18]} Nh5 {[%emt 0:00:43]} 11. Be5 {[%emt 0:01:13]} f6 {[%emt 0:00:03]} 12. Bxc7 {[%emt 0:00:19]} Qxc7 {[%emt 0:00:05]} 13. Qb3 {[%emt 0:00:06]} Rd8 {[%emt 0:01:06]} 14. c4 {[%emt 0:01:12]} Nf4 {[%emt 0:00:26]} 15. Bf1 {[%emt 0:00:12]} Kh8 {[%emt 0:01:04]} 16. Qe3 {[%emt 0:00:07]} dxc4 {[%emt 0:01:41]} 17. Bxc4 {[%emt 0:00:45]} Bf5 {[%emt 0:01:51]} 18. Qxe7 {[%emt 0:00:55]} Qb6 {[%emt 0:00:01]} 19. Nb3 {[%emt 0:02:03]} Rac8 {[%emt 0:00:10]} 20. Rac1 {[%emt 0:00:17]} a5 {[%emt 0:00:30]} 21. h3 {[%emt 0:00:54]} a4 {[%emt 0:00:05]} 22. Nc5 {[%emt 0:00:01]} Qxb2 {[%emt 0:00:49]} 23. Qxb7 {[%emt 0:00:06]} Qa3 {[%emt 0:00:32]} 24. Qb5 {[%emt 0:00:28]} Nxh3+ {[%emt 0:00:10]} 25. Kf1 {[%emt 0:00:49]} Bf8 {[%emt 0:00:22]} 26. Be6 {[%emt 0:00:56]} Rxc5 {[%emt 0:00:07]} 27. dxc5 {[%emt 0:00:16]} Bd3+ {[%emt 0:00:02]} 0-1

[Event "Redbull chessmasters 2019"]
[Site "Istambul"]
[Date "2019.11.24"]
[Round "2.8"]
[White "Kalayci, Nino"]
[Black "Sahin, Handenur"]
[Result "0-1"]
[WhiteElo "1852"]
[BlackElo "2014"]
[Annotator "NA"]
[PlyCount "60"]
[EventDate "2019.11.23"]
[EventType "k.o."]
[EventCountry "TUR"]
[SourceTitle "playchess.com"]
[Source "ChessBase"]
[SourceQuality "1"]
[TimeControl "600+5"]

1. b3 {[%emt 0:00:05]} d5 {[%emt 0:00:08]} 2. e3 {[%emt 0:00:02]} Nf6 {[%emt 0:00:05]} 3. Bb2 {[%emt 0:00:05]} c6 {[%emt 0:00:10]} 4. Nf3 {[%emt 0:00:08]} Bg4 {[%emt 0:00:05]} 5. Be2 {[%emt 0:00:05]} Nbd7 {[%emt 0:00:05]} 6. d4 {[%emt 0:00:06]} e6 {[%emt 0:00:06]} 7. Nbd2 {[%emt 0:00:05]} Bd6 {[%emt 0:00:05]} 8. O-O {[%emt 0:00:05]} O-O {[%emt 0:00:00]} 9. Ne5 {[%emt 0:00:13]} Bxe2 {[%emt 0:00:05]} 10. Qxe2 {[%emt 0:00:05]} Qe7 {[%emt 0:00:09]} 11. c4 {[%emt 0:00:30]} Ba3 {[%emt 0:00:14]} 12. Bxa3 {[%emt 0:01:07]} Qxa3 {[%emt 0:00:02]} 13. f4 {[%emt 0:00:19]} Rac8 {[%emt 0:00:26]} 14. g4 {[%emt 0:00:31]} b5 {[%emt 0:00:45]} 15. g5 {[%emt 0:00:41]} Nxe5 {[%emt 0:00:10]} 16. fxe5 {[%emt 0:01:53]} Ne4 {[%emt 0:00:25]} 17. Nxe4 {[%emt 0:00:05]} dxe4 {[%emt 0:00:05]} 18. c5 {[%emt 0:00:48]} a5 {[%emt 0:00:22]} 19. Rf4 {[%emt 0:02:05]} a4 {[%emt 0:00:48]} 20. Rb1 {[%emt 0:00:27]} Ra8 {[%emt 0:00:20]} 21. b4 {[%emt 0:00:44]} Rfd8 {[%emt 0:02:08]} 22. Rxe4 {[%emt 0:00:17]} Qc3 {[%emt 0:00:15]} 23. Rh4 {[%emt 0:00:11]} a3 {[%emt 0:01:15]} 24. Rb3 {[%emt 0:00:39]} Qxb3 {[%emt 0:00:20]} 25. axb3 {[%emt 0:00:33]} a2 {[%emt 0:00:03]} 26. Qh5 {[%emt 0:00:05]} a1=Q+ {[%emt 0:00:05]} 27. Kf2 {[%emt 0:00:00]} Ra2+ {[%emt 0:00:13]} 28. Kg3 {[%emt 0:00:17]} Qg1+ {[%emt 0:00:05]} 29. Kf4 {[%emt 0:00:05]} Qf2+ {[%emt 0:00:05]} 30. Ke4 {[%emt 0:00:05]} Qf5# {[%emt 0:00:23]} 0-1